[Event "FRA-ch op-A"]
[Site "Nimes"]
[Date "2018.08.18"]
[Round "3"]
[White "De Lussac, Rainier"]
[Black "Girardon, Jerome"]
[Result "0-1"]
[WhiteElo "2071"]
[BlackElo "2186"]
[PlyCount "112"]
[EventDate "2018.08.18"]
[EventType "swiss"]
[EventRounds "9"]
[EventCountry "FRA"]
[SourceTitle "CBM 186 Extra"]
[Source "ChessBase"]
[SourceDate "2018.08.24"]
[SourceVersion "1"]
[SourceVersionDate "2018.08.24"]
[SourceQuality "1"]

1. d4 g6 2. Nf3 Bg7 3. c4 c5 4. d5 d6 5. e4 Nd7 6. Be2 b5 7. a4 bxc4 8. 0-0 Ba6 9. Qc2 Rb8 10. Na3 Ngf6 11. Bxc4 Bxc4 12. Nxc4 0-0 13. Bd2 Re8 14. Rfe1 Qc7 15. h3 Nb6 16. Na3 Qb7 17. Bc3 Nfd7 18. a5 Na8 19. e5 Nc7 20. exd6 exd6 21. Rxe8+ Rxe8 22. Bxg7 Kxg7 23. Nc4 Qa6 24. Rd1 Nf6 25. Qc3 Re4 26. b3 Nb5 27. Qb2 Qc8 28. Ng5 Rd4 29. Re1 Qf5 30. Nf3 Rf4 31. Ne3 Qd3 32. Rd1 Qc3 33. Qxc3 Nxc3 34. Rd3 Ne2+ 35. Kf1 Nc1 36. Rc3 Na2 37. Rc4 Re4 38. Ke2 Re7 39. Kd1 Nb4 40. Nd2 Nbxd5 41. Nxd5 Nxd5 42. Nb1 Nb4 43. Kd2 Nc6 44. Ra4 Rb7 45. Nc3 f5 46. f4 d5 47. a6 Rb8 48. Ra1 Nb4 49. Ra5 Rb6 50. Rxc5 Nxa6 51. Rxd5 Rxb3 52. Rb5 Rxb5 53. Nxb5 Nc5 54. Nxa7 Kh6 55. Ke3 Kh5 56. g3 Ne4 0-1

[Event "FRA-ch op-A"]
[Site "Nimes"]
[Date "2018.08.18"]
[Round "5"]
[White "Girardon, Jerome"]
[Black "El Mchaouri Mas, Younes"]
[Result "0-1"]
[WhiteElo "2186"]
[BlackElo "2120"]
[PlyCount "46"]
[EventDate "2018.08.18"]
[EventType "swiss"]
[EventRounds "9"]
[EventCountry "FRA"]
[SourceTitle "CBM 186 Extra"]
[Source "ChessBase"]
[SourceDate "2018.08.24"]
[SourceVersion "1"]
[SourceVersionDate "2018.08.24"]
[SourceQuality "1"]

1. d4 g6 2. c4 Bg7 3. e4 d6 4. Nc3 Nf6 5. h3 0-0 6. Be3 c5 7. dxc5 Qa5 8. Bd3 dxc5 9. e5 Ne8 10. f4 f6 11. exf6 Nxf6 12. Nf3 Nc6 13. 0-0 Rd8 14. Nd5 Nxd5 15. cxd5 Nb4 16. Bd2 c4 17. Be4 Bxb2 18. Rb1 Qc5+ 19. Kh1 c3 20. Rxb2 cxb2 21. Qb3 Nxd5 22. Bb4 Qb5 23. Nd4 Qxf1+ 0-1

[Event "FRA-ch op-A"]
[Site "Nimes"]
[Date "2018.08.18"]
[Round "4"]
[White "Girardon, Jerome"]
[Black "Grimault, Nathan"]
[Result "1-0"]
[WhiteElo "2186"]
[BlackElo "2066"]
[PlyCount "73"]
[EventDate "2018.08.18"]
[EventType "swiss"]
[EventRounds "9"]
[EventCountry "FRA"]
[SourceTitle "CBM 186 Extra"]
[Source "ChessBase"]
[SourceDate "2018.08.24"]
[SourceVersion "1"]
[SourceVersionDate "2018.08.24"]
[SourceQuality "1"]

1. e4 g6 2. d4 Bg7 3. Nc3 d6 4. Bg5 c5 5. dxc5 Qa5 6. Qd2 Bxc3 7. bxc3 Qxc5 8. Nf3 Nf6 9. Bd3 0-0 10. 0-0 Be6 11. Rfb1 b6 12. a4 Nbd7 13. a5 Rfc8 14. axb6 Nxb6 15. Be3 Qc7 16. Bd4 Nc4 17. Qf4 Nh5 18. Qh4 f6 19. g4 Nf4 20. g5 Nxd3 21. cxd3 Ne5 22. Nd2 fxg5 23. Qxg5 Nf7 24. Qg2 a5 25. f4 Nd8 26. c4 Qd7 27. Kh1 Bh3 28. Qf2 e5 29. Bc3 exf4 30. Rg1 Ne6 31. Nf3 Qe7 32. Nh4 g5 33. Qf3 Kf7 34. Qxh3 gxh4 35. Qf5+ Ke8 36. Rg8+ Kd7 37. Rg7 1-0

[Event "FRA-ch Accession"]
[Site "Agen"]
[Date "2017.08.27"]
[Round "9"]
[White "Girardon, Jerome"]
[Black "Lever, Erwan"]
[Result "0-1"]
[WhiteElo "2160"]
[BlackElo "2134"]
[PlyCount "152"]
[EventDate "2017.08.19"]
[EventType "swiss"]
[EventRounds "9"]
[EventCountry "FRA"]
[SourceTitle "EXT 2019"]
[Source "ChessBase"]
[SourceDate "2018.10.10"]
[SourceVersion "1"]
[SourceVersionDate "2018.10.10"]
[SourceQuality "1"]

1. e4 c5 2. Nf3 d6 3. c3 Nf6 4. h3 g6 5. Bd3 Bg7 6. Bc2 0-0 7. d4 Nc6 8. d5 Nb8 9. Bf4 Qb6 10. b3 Ne8 11. 0-0 e6 12. a4 exd5 13. exd5 h6 14. Na3 Qd8 15. Nc4 b6 16. Re1 Ba6 17. Rxe8 Rxe8 18. Nxd6 Re7 19. c4 Nd7 20. Ne4 f5 21. Ng3 Ne5 22. d6 Nxf3+ 23. Qxf3 Rf7 24. Re1 Bb7 25. Qe3 Qd7 26. h4 Qc6 27. Qf3 Qxf3 28. gxf3 Bc6 29. Re6 Bf6 30. h5 Bd7 31. Re1 g5 32. Bc1 Bd4 33. f4 g4 34. Kf1 Kg7 35. Ne2 Bf6 36. Rd1 Re8 37. Rd5 Be6 38. Ng3 Bxd5 39. Nxf5+ Kf8 40. cxd5 Bc3 41. Be3 Rf6 42. Kg2 Rd8 43. Be4 Ke8 44. Kg3 Kd7 45. Nh4 Kxd6 46. Kxg4 Re8 47. f3 a6 48. Ng6 b5 49. f5 bxa4 50. bxa4 c4 51. Bxh6 Rf7 52. Be3 Bf6 53. h6 c3 54. Kg3 Rh7 55. Kf2 Rc8 56. Ke2 Rc4 57. Kd3 Rxa4 58. Bf4+ Kc5 59. Nf8 Rf7 60. Ne6+ Kb4 61. d6 Ra1 62. Bc6 Kb3 63. d7 c2 64. Bd5+ Kb2 65. d8Q Bxd8 66. Nxd8 Rd7 67. Ke2 Rxd5 68. Nf7 Rh1 69. f6 Rh2+ 70. Bxh2 c1Q 71. Be5+ Kb3 72. f4 Qh1 73. Ke3 Qh3+ 74. Ke2 Qg2+ 75. Ke3 Qh3+ 76. Ke2 Qh5+ 0-1

[Event "FRA-ch Accession"]
[Site "Agen"]
[Date "2017.08.26"]
[Round "8"]
[White "Tomasi, Albert"]
[Black "Girardon, Jerome"]
[Result "1-0"]
[WhiteElo "2229"]
[BlackElo "2160"]
[PlyCount "53"]
[EventDate "2017.08.19"]
[EventType "swiss"]
[EventRounds "9"]
[EventCountry "FRA"]
[SourceTitle "EXT 2019"]
[Source "ChessBase"]
[SourceDate "2018.10.10"]
[SourceVersion "1"]
[SourceVersionDate "2018.10.10"]
[SourceQuality "1"]

1. e4 c5 2. Nf3 d6 3. d4 cxd4 4. Nxd4 Nf6 5. Nc3 g6 6. Be3 Bg7 7. f3 Nc6 8. Qd2 h5 9. 0-0-0 Bd7 10. Kb1 Rc8 11. h3 a6 12. Be2 b5 13. g4 Ne5 14. g5 Nh7 15. f4 Nc4 16. Bxc4 Rxc4 17. f5 0-0 18. Rhf1 Nxg5 19. Qg2 Nh7 20. fxg6 fxg6 21. Qxg6 Qe8 22. Nd5 e6 23. Bh6 Rf7 24. Rg1 Rxd4 25. Rxd4 Rf1+ 26. Rxf1 Qxg6 27. Ne7+ 1-0

[Event "FRA-ch Accession"]
[Site "Agen"]
[Date "2017.08.25"]
[Round "7"]
[White "Girardon, Jerome"]
[Black "Devallee, Jeremie"]
[Result "0-1"]
[WhiteElo "2160"]
[BlackElo "2258"]
[PlyCount "64"]
[EventDate "2017.08.19"]
[EventType "swiss"]
[EventRounds "9"]
[EventCountry "FRA"]
[SourceTitle "EXT 2019"]
[Source "ChessBase"]
[SourceDate "2018.10.10"]
[SourceVersion "1"]
[SourceVersionDate "2018.10.10"]
[SourceQuality "1"]

1. e4 c5 2. Nf3 d6 3. b4 cxb4 4. a3 Nf6 5. axb4 Nxe4 6. Bb2 e6 7. c4 Nf6 8. d4 b6 9. Bd3 Be7 10. Nbd2 Bb7 11. Qc2 0-0 12. Rg1 Nc6 13. Bc3 a5 14. bxa5 bxa5 15. g4 Nb4 16. Bxb4 axb4 17. Rb1 g6 18. h4 Ra3 19. Rb2 Qa8 20. Ng5 Rc3 21. Qb1 Qa3 22. Rg3 d5 23. Ke2 dxc4 24. Nxc4 Qa7 25. Bxg6 fxg6 26. Rxc3 bxc3 27. Rxb7 Qxd4 28. Qd3 Qxg4+ 29. f3 Qg2+ 30. Ke1 c2 31. Qe3 Qh1+ 32. Ke2 Qd1+ 0-1

[Event "FRA-ch Accession"]
[Site "Agen"]
[Date "2017.08.19"]
[Round "1"]
[White "Girardon, Jerome"]
[Black "Calistri, Tristan"]
[Result "0-1"]
[WhiteElo "2160"]
[BlackElo "2293"]
[PlyCount "190"]
[EventDate "2017.08.19"]
[EventType "swiss"]
[EventRounds "9"]
[EventCountry "FRA"]
[SourceTitle "EXT 2019"]
[Source "ChessBase"]
[SourceDate "2018.10.10"]
[SourceVersion "1"]
[SourceVersionDate "2018.10.10"]
[SourceQuality "1"]

1. d4 Nf6 2. c4 g6 3. Nc3 Bg7 4. e4 d6 5. h3 0-0 6. Nf3 e5 7. dxe5 dxe5 8. Be3 Nbd7 9. Be2 Re8 10. Qc2 Nh5 11. 0-0-0 Nf4 12. Bf1 c6 13. g3 Ne6 14. Be2 Qe7 15. Rd2 Ndc5 16. Rhd1 f5 17. exf5 Nd4 18. Rxd4 exd4 19. Nxd4 Bxd4 20. Rxd4 Bxf5 21. Qd2 Bxh3 22. Bf4 Rad8 23. Bd6 Rxd6 24. Rxd6 Ne4 25. Nxe4 Qxe4 26. Bd3 Qe5 27. Bc2 Bg4 28. Bxg6 Qe1+ 29. Qxe1 Rxe1+ 30. Kc2 Re2+ 31. Kc3 Rxf2 32. Be4 Re2 33. Kd4 Rxb2 34. Ke5 Kg7 35. Kf4 h5 36. Ke5 Rf2 37. Rg6+ Kf7 38. Rh6 Ke7 39. Rh7+ Rf7 40. Rh6 Kd7 41. c5 Kc7 42. a4 a5 43. Rh8 Rd7 44. Rh6 Bd1 45. Rh8 Rd8 46. Rh7+ Kb8 47. Rh6 Rg8 48. Bg6 Bxa4 49. Kf6 Bd1 50. Kf7 Rd8 51. Bxh5 a4 52. Bxd1 Rxd1 53. Rh8+ Kc7 54. Ra8 Rg1 55. Rxa4 Rxg3 56. Ke6 Re3+ 57. Kf5 Rc3 58. Ra5 b5 59. cxb6+ Kxb6 60. Ra1 Re3 61. Kf4 Re2 62. Rb1+ Ka5 63. Rg1 Kb6 64. Rb1+ Kc7 65. Rc1 Re8 66. Rc2 Kd6 67. Rd2+ Kc5 68. Rc2+ Kb5 69. Rb2+ Ka4 70. Rc2 Re6 71. Kf5 Rd6 72. Ke5 Rd5+ 73. Ke6 Kb5 74. Rb2+ Kc5 75. Rc2+ Kb6 76. Rc1 Rd4 77. Rb1+ Ka5 78. Rc1 Kb5 79. Ke5 c5 80. Rb1+ Rb4 81. Rc1 Rb3 82. Kd5 Rd3+ 83. Ke4 c4 84. Rb1+ Kc5 85. Rc1 Rd7 86. Ke3 Kb4 87. Rb1+ Ka3 88. Rc1 Kb3 89. Ke2 c3 90. Rb1+ Kc2 91. Rb8 Re7+ 92. Kf3 Kc1 93. Kf2 c2 94. Kf1 Re4 95. Kf2 Kd2 0-1

[Event "FRA-ch Accession"]
[Site "Agen"]
[Date "2017.08.19"]
[Round "3"]
[White "Girardon, Jerome"]
[Black "Gardet, Thomas"]
[Result "1-0"]
[WhiteElo "2160"]
[BlackElo "2007"]
[PlyCount "75"]
[EventDate "2017.08.19"]
[EventType "swiss"]
[EventRounds "9"]
[EventCountry "FRA"]
[SourceTitle "EXT 2019"]
[Source "ChessBase"]
[SourceDate "2018.10.10"]
[SourceVersion "1"]
[SourceVersionDate "2018.10.10"]
[SourceQuality "1"]

1. e4 c5 2. Nf3 d6 3. c3 Nf6 4. h3 a6 5. Qc2 b5 6. d4 cxd4 7. cxd4 Bb7 8. Bd3 Nbd7 9. 0-0 Rc8 10. Qe2 e5 11. a4 Be7 12. axb5 axb5 13. d5 b4 14. Be3 0-0 15. Nbd2 Nc5 16. Ra7 Nfd7 17. Rfa1 f5 18. exf5 Bxd5 19. Bc4 Bxc4 20. Qxc4+ Kh8 21. g4 Rb8 22. Qd5 Nf6 23. Qa2 Nfd7 24. Nc4 g6 25. Bh6 gxf5 26. gxf5 Rxf5 27. Nh2 Bg5 28. Nxd6 Rf4 29. Nf7+ Rxf7 30. Qxf7 Bxh6 31. Ng4 Bd2 32. Qd5 Qg5 33. Ra8 e4 34. Qd6 Bf4 35. Rxb8+ Kg7 36. Qd4+ Be5 37. Qxe5+ Nxe5 38. Ra7+ 1-0

[Event "FRA-chT2 East 0607"]
[Site "France"]
[Date "2007.01.21"]
[Round "6.2"]
[White "Vasilev, Milen"]
[Black "Girardon, Jerome"]
[Result "1-0"]
[WhiteElo "2451"]
[BlackElo "2136"]
[PlyCount "57"]
[EventDate "2006.10.15"]
[EventType "team"]
[EventRounds "11"]
[EventCountry "FRA"]
[SourceTitle "EXT 2008"]
[Source "ChessBase"]
[SourceDate "2007.11.25"]
[SourceVersion "1"]
[SourceVersionDate "2007.11.25"]
[SourceQuality "1"]
[WhiteTeam "Bischwiller II"]
[BlackTeam "Gueugnon"]
[WhiteTeamCountry "FRA"]
[BlackTeamCountry "FRA"]

1. d4 Nf6 2. c4 g6 3. Nf3 Bg7 4. Nc3 0-0 5. e4 d6 6. g3 c5 7. d5 e6 8. dxe6 Bxe6 9. Bf4 Qa5 10. Nd2 Nh5 11. Bxd6 Bxc3 12. bxc3 Rd8 13. e5 Nc6 14. Qb3 b5 15. Rd1 Rxd6 16. exd6 Re8 17. Be2 Nd4 18. d7 Bxd7 19. cxd4 cxd4 20. Qd3 Bf5 21. Qxd4 Re4 22. Qd5 Nf6 23. Qxb5 Qc3 24. Qb3 Rxe2+ 25. Kxe2 Bd3+ 26. Ke1 Qe5+ 27. Ne4 Bxe4 28. Qe3 Qe6 29. f3 1-0

[Event "FRA-chT2 East 0607"]
[Site "France"]
[Date "2007.01.20"]
[Round "5.4"]
[White "Girardon, Jerome"]
[Black "Ricter, Jean Paul"]
[Result "1-0"]
[WhiteElo "2136"]
[BlackElo "2174"]
[PlyCount "75"]
[EventDate "2006.10.15"]
[EventType "team"]
[EventRounds "11"]
[EventCountry "FRA"]
[SourceTitle "EXT 2008"]
[Source "ChessBase"]
[SourceDate "2007.11.25"]
[SourceVersion "1"]
[SourceVersionDate "2007.11.25"]
[SourceQuality "1"]
[WhiteTeam "Gueugnon"]
[BlackTeam "Strasbourg II"]
[WhiteTeamCountry "FRA"]
[BlackTeamCountry "FRA"]

1. e4 d5 2. exd5 c6 3. dxc6 Nxc6 4. b4 Nf6 5. b5 Nd4 6. c3 Nf5 7. g4 Qd5 8. Qf3 Qxf3 9. Nxf3 Nxg4 10. Bg2 e6 11. a4 a6 12. b6 Bc5 13. a5 Bxf2+ 14. Ke2 Bd7 15. h3 Ng3+ 16. Kd1 Nf6 17. Ne5 Nfe4 18. Rf1 0-0-0 19. Rxf2 Nxf2+ 20. Ke1 Nfe4 21. Ba3 Be8 22. d3 Nd6 23. Nd2 f6 24. Ng4 Bg6 25. c4 Bxd3 26. Bxd6 Rxd6 27. c5 Rc6 28. Ra3 Rd8 29. Nf2 Rxc5 30. Nxd3 Rxd3 31. Rxd3 Nf5 32. Nb3 Re5+ 33. Kf2 Rb5 34. Rc3+ Kb8 35. Nc5 Nd6 36. Nd7+ Ka8 37. Bxb7+ Kxb7 38. Rc7+ 1-0

[Event "FRA-chT2 East 0607"]
[Site "France"]
[Date "2006.11.25"]
[Round "2.2"]
[White "Girardon, Jerome"]
[Black "Bogner, Sebastian"]
[Result "0-1"]
[WhiteElo "2144"]
[BlackElo "2313"]
[PlyCount "56"]
[EventDate "2006.10.15"]
[EventType "team"]
[EventRounds "11"]
[EventCountry "FRA"]
[SourceTitle "EXT 2008"]
[Source "ChessBase"]
[SourceDate "2007.11.25"]
[SourceVersion "1"]
[SourceVersionDate "2007.11.25"]
[SourceQuality "1"]
[WhiteTeam "Gueugnon"]
[BlackTeam "Mundolsheim"]
[WhiteTeamCountry "FRA"]
[BlackTeamCountry "FRA"]

1. e4 c5 2. Nf3 d6 3. d4 cxd4 4. Nxd4 Nf6 5. Nc3 a6 6. Bg5 e6 7. Qe2 Be7 8. 0-0-0 Nxe4 9. Nxe4 Bxg5+ 10. Kb1 0-0 11. g4 d5 12. Nxg5 Qxg5 13. f4 Qxf4 14. Bg2 Nc6 15. c3 e5 16. Nf5 Bxf5+ 17. gxf5 Qxf5+ 18. Ka1 e4 19. c4 dxc4 20. Qxc4 Rfe8 21. Rhe1 Qe6 22. Qc5 f5 23. Bf1 Ne5 24. Bh3 Rac8 25. Qa5 b6 26. Qd2 Nf3 27. Qf4 Nxe1 28. Bxf5 Nc2+ 0-1

[Event "FRA-chT2D 0506"]
[Site "France"]
[Date "2006.04.01"]
[Round "10.6"]
[White "Girardon, Jerome"]
[Black "Syska, Albert"]
[Result "0-1"]
[WhiteElo "2145"]
[BlackElo "2217"]
[PlyCount "44"]
[EventDate "2005.10.27"]
[EventType "team-tourn"]
[EventRounds "11"]
[EventCountry "FRA"]
[SourceTitle "EXT 2006"]
[Source "ChessBase"]
[SourceDate "2005.11.24"]
[SourceVersion "1"]
[SourceVersionDate "2005.11.24"]
[SourceQuality "1"]
[WhiteTeam "Gueugnon"]
[BlackTeam "Gambsheim"]
[WhiteTeamCountry "FRA"]
[BlackTeamCountry "FRA"]

1. e4 c5 2. Nf3 d6 3. d4 cxd4 4. Nxd4 Nf6 5. Nc3 Nc6 6. Bg5 e6 7. Bb5 Bd7 8. Bxc6 bxc6 9. Qf3 c5 10. Nb3 h6 11. Bh4 Be7 12. 0-0-0 Rb8 13. e5 dxe5 14. Bxf6 gxf6 15. Ne4 f5 16. Nd6+ Bxd6 17. Rxd6 Rb6 18. Rhd1 Rxd6 19. Rxd6 Qb8 20. Qd1 Qc7 21. Nxc5 Bc8 22. Qd2 Ke7 0-1

[Event "FRA-chT2D 0506"]
[Site "France"]
[Date "2006.02.05"]
[Round "7.3"]
[White "Girardon, Jerome"]
[Black "Cavillon, Fabien"]
[Result "1-0"]
[WhiteElo "2145"]
[BlackElo "2118"]
[PlyCount "37"]
[EventDate "2005.10.27"]
[EventType "team-tourn"]
[EventRounds "11"]
[EventCountry "FRA"]
[SourceTitle "EXT 2006"]
[Source "ChessBase"]
[SourceDate "2005.11.24"]
[SourceVersion "1"]
[SourceVersionDate "2005.11.24"]
[SourceQuality "1"]
[WhiteTeam "Gueugnon"]
[BlackTeam "Montrevel en Bresse"]
[WhiteTeamCountry "FRA"]
[BlackTeamCountry "FRA"]

1. e4 e6 2. d4 d5 3. Nc3 Bb4 4. e5 c5 5. Bd3 cxd4 6. a3 Ba5 7. b4 Bc7 8. Nb5 Bxe5 9. Nf3 Bf6 10. Bf4 Na6 11. Nd6+ Kf8 12. 0-0 h5 13. h4 Bxh4 14. Nxf7 Kxf7 15. Ne5+ Ke8 16. Bb5+ Ke7 17. Ng6+ Kf6 18. Nxh8 e5 19. Bxe5+ 1-0

[Event "FRA-chT2D 0506"]
[Site "France"]
[Date "2005.10.16"]
[Round "1.2"]
[White "Gross, Georg"]
[Black "Girardon, Jerome"]
[Result "1-0"]
[WhiteElo "2305"]
[BlackElo "2156"]
[PlyCount "65"]
[EventDate "2005.10.27"]
[EventType "team-tourn"]
[EventRounds "11"]
[EventCountry "FRA"]
[SourceTitle "EXT 2006"]
[Source "ChessBase"]
[SourceDate "2005.11.24"]
[SourceVersion "1"]
[SourceVersionDate "2005.11.24"]
[SourceQuality "1"]
[WhiteTeam "Paris NAO II"]
[BlackTeam "Gueugnon"]
[WhiteTeamCountry "FRA"]
[BlackTeamCountry "FRA"]

1. d4 Nf6 2. Nf3 g6 3. g3 Bg7 4. Bg2 0-0 5. 0-0 d6 6. c4 c5 7. dxc5 dxc5 8. Ne5 Nfd7 9. Nd3 Nc6 10. Nc3 Nde5 11. Nxc5 Nxc4 12. Qa4 Nb6 13. Qh4 Nd4 14. Nxb7 Qc7 15. Na5 Ba6 16. Bxa8 Rxa8 17. Qe4 Rd8 18. Bg5 f6 19. Be3 f5 20. Qg2 e5 21. Rfd1 Na4 22. Bxd4 exd4 23. Nxa4 Qxa5 24. Qc6 Bb5 25. Qe6+ Kh8 26. Nc5 Re8 27. Qf7 Rf8 28. Qb7 Re8 29. Nb3 Qb4 30. Rac1 a6 31. Rc8 Qf8 32. Rxe8 Qxe8 33. Nxd4 1-0

[Event "FRA-ch U20"]
[Site "Montlucon"]
[Date "1997.??.??"]
[Round "6"]
[White "Marzolo, Cyril"]
[Black "Girardon, Jerome"]
[Result "0-1"]
[WhiteElo "2280"]
[BlackElo "2180"]
[PlyCount "54"]
[EventDate "1997.??.??"]
[EventType "swiss"]
[EventRounds "8"]
[EventCountry "FRA"]
[SourceTitle "EXT 2001"]
[Source "ChessBase"]
[SourceDate "2000.11.22"]
[SourceVersion "1"]
[SourceVersionDate "2000.11.22"]
[SourceQuality "1"]

1. d4 Nf6 2. c4 g6 3. Nc3 Bg7 4. e4 0-0 5. f3 d6 6. Bg5 a6 7. Qd2 Nc6 8. Nge2 Bd7 9. h4 h5 10. 0-0-0 b5 11. g4 bxc4 12. Nd5 Rb8 13. Bxf6 exf6 14. gxh5 f5 15. hxg6 fxg6 16. Nef4 Bxd4 17. Bxc4 Bxb2+ 18. Kc2 Nd4+ 19. Kd3 fxe4+ 20. fxe4 Nf3 21. Nf6+ Kg7 22. N4h5+ gxh5 23. Rdg1+ Kxf6 24. Qh6+ Ke5 25. Qxh5+ Bf5 26. Ke2 Nxg1+ 27. Rxg1 Qe8 0-1

[Event "FRA-chT U18"]
[Site "France"]
[Date "1996.??.??"]
[Round "?"]
[White "Girardon, Jerome"]
[Black "Lemasle, Raphael"]
[Result "1/2-1/2"]
[WhiteElo "2180"]
[BlackElo "1840"]
[PlyCount "125"]
[EventDate "1996.??.??"]
[EventType "team"]
[EventRounds "11"]
[EventCountry "FRA"]
[SourceTitle "EXT 2004"]
[Source "ChessBase"]
[SourceDate "2003.11.25"]
[SourceVersion "1"]
[SourceVersionDate "2003.11.25"]
[SourceQuality "1"]

1. e4 c5 2. Nf3 Nc6 3. Bb5 g6 4. c3 Bg7 5. d4 cxd4 6. cxd4 Qb6 7. Nc3 Nxd4 8. Nd5 Nxf3+ 9. Qxf3 Qd8 10. Bf4 Kf8 11. Bc7 Qe8 12. e5 a6 13. Ba4 b5 14. Nf6 Bxf6 15. Qxa8 bxa4 16. exf6 Nxf6 17. 0-0 d6 18. Rac1 Bd7 19. Qb7 Bc8 20. Qb4 Be6 21. Rfe1 Qb5 22. Qd4 Kg7 23. a3 h5 24. h3 Kh7 25. Qd2 Nd5 26. Qa5 Qxa5 27. Bxa5 Rb8 28. Re2 Bd7 29. Rd1 e6 30. Rc2 Rb7 31. g3 Kg7 32. Kg2 Kf6 33. Bd8+ Kg7 34. h4 Rb8 35. Ba5 Rb7 36. Rd4 Kf6 37. Bd8+ Kg7 38. Rdc4 Kf8 39. Bg5 Ke8 40. Be3 Kd8 41. Bd2 Rb8 42. f3 Rb3 43. Kf2 Rb7 44. g4 Rb8 45. Bh6 Ke7 46. Bg7 Rg8 47. Bd4 Rb8 48. Be3 Rb7 49. Bd2 Ke8 50. Ba5 Kf8 51. Rd2 Ke7 52. Rcd4 Rb8 53. Bb4 Rb7 54. gxh5 gxh5 55. Rxd5 exd5 56. Rxd5 Rb5 57. Bxd6+ Ke6 58. Rd2 Rd5 59. Rxd5 Kxd5 60. Be7 Ke6 61. Bg5 Kf5 62. Ke3 Bb5 63. Kd4 1/2-1/2

[Event "FRA-chB"]
[Site "Toulouse"]
[Date "1995.??.??"]
[Round "4"]
[White "Girardon, Jerome"]
[Black "Gilles, Raphael"]
[Result "1-0"]
[WhiteElo "2180"]
[BlackElo "2235"]
[PlyCount "43"]
[EventDate "1995.08.??"]
[EventType "swiss"]
[EventRounds "11"]
[EventCountry "FRA"]
[SourceTitle "EXT 1998"]
[Source "ChessBase"]
[SourceDate "1997.11.17"]
[SourceVersion "1"]
[SourceVersionDate "1997.11.17"]
[SourceQuality "1"]

1. e4 c5 2. Nf3 e6 3. g3 Nc6 4. Bg2 Qc7 5. 0-0 Nf6 6. d3 Be7 7. Qe2 d6 8. c4 0-0 9. Nc3 a6 10. h3 Rb8 11. Be3 b5 12. cxb5 axb5 13. d4 b4 14. e5 bxc3 15. exf6 Rxb2 16. Qc4 Bxf6 17. Qxc3 Rb4 18. Rac1 Qa7 19. Ne5 Nxe5 20. dxe5 Bxe5 21. Qxb4 Qxa2 22. Bxc5 1-0

[Event "Santiago op"]
[Site "Santiago de Compostela"]
[Date "1995.??.??"]
[Round "?"]
[White "Girardon, Jerome"]
[Black "Gonzalez Diaz, Julio"]
[Result "1-0"]
[WhiteElo "2200"]
[BlackElo "2045"]
[PlyCount "77"]
[EventDate "1995.??.??"]
[EventType "swiss"]
[EventRounds "9"]
[EventCountry "ESP"]
[SourceTitle "EXT 1998"]
[Source "ChessBase"]
[SourceDate "1997.11.17"]
[SourceVersion "1"]
[SourceVersionDate "1997.11.17"]
[SourceQuality "1"]

1. e4 d6 2. d4 Nf6 3. Nc3 g6 4. f4 Bg7 5. Nf3 c5 6. Bb5+ Bd7 7. e5 Ng4 8. Bxd7+ Qxd7 9. d5 dxe5 10. h3 e4 11. Nxe4 Nf6 12. Nxf6+ Bxf6 13. 0-0 0-0 14. Ne5 Qc7 15. Be3 Na6 16. Ng4 Bxb2 17. Rb1 Bg7 18. f5 h5 19. Nh6+ Kh8 20. fxg6 fxg6 21. Qd3 Kh7 22. Rf7 Rxf7 23. Nxf7 Bf6 24. Qe4 Qg3 25. Rxb7 Qxe3+ 26. Qxe3 Bd4 27. Qxd4 cxd4 28. Ng5+ Kg7 29. Ne6+ Kf6 30. Nxd4 Ke5 31. Nc6+ Kxd5 32. Nxe7+ Kc4 33. Nxg6 Kc3 34. Nf4 Rh8 35. Nd5+ Kxc2 36. Rxa7 Nc5 37. Rc7 Kd3 38. Rxc5 Kd4 39. Ra5 1-0

[Event "FRA-chB"]
[Site "Toulouse"]
[Date "1995.??.??"]
[Round "10"]
[White "Girardon, Jerome"]
[Black "Guidez, Yann Michael"]
[Result "0-1"]
[WhiteElo "2180"]
[BlackElo "2300"]
[PlyCount "56"]
[EventDate "1995.08.??"]
[EventType "swiss"]
[EventRounds "11"]
[EventCountry "FRA"]
[SourceTitle "EXT 1998"]
[Source "ChessBase"]
[SourceDate "1997.11.17"]
[SourceVersion "1"]
[SourceVersionDate "1997.11.17"]
[SourceQuality "1"]

1. e4 Nc6 2. Nf3 e6 3. g3 d5 4. exd5 exd5 5. Bg2 Bg4 6. 0-0 Qd7 7. Qe1+ Nge7 8. d3 0-0-0 9. a3 f6 10. b4 Nf5 11. Bb2 h5 12. h4 Re8 13. Qd2 d4 14. b5 Nd8 15. a4 g5 16. hxg5 h4 17. Na3 hxg3 18. Nc4 Ne6 19. Nfe5 fxe5 20. Nxe5 Qh7 21. Nxg4 Qh4 22. Qe2 Bd6 23. Qf3 gxf2+ 24. Rxf2 Bh2+ 25. Kf1 Ng3+ 26. Ke1 Nxg5+ 27. Kd1 Nxf3 28. Rxf3 Nf5 0-1

[Event "Santiago op"]
[Site "Santiago de Compostela"]
[Date "1995.??.??"]
[Round "?"]
[White "Girardon, Jerome"]
[Black "Turzo, Attila"]
[Result "1/2-1/2"]
[WhiteElo "2200"]
[BlackElo "2265"]
[PlyCount "143"]
[EventDate "1995.??.??"]
[EventType "swiss"]
[EventRounds "9"]
[EventCountry "ESP"]
[SourceTitle "EXT 1998"]
[Source "ChessBase"]
[SourceDate "1997.11.17"]
[SourceVersion "1"]
[SourceVersionDate "1997.11.17"]
[SourceQuality "1"]

1. e4 c5 2. Nf3 Nc6 3. g3 g6 4. Bg2 Bg7 5. 0-0 d6 6. d3 e5 7. c3 Nge7 8. a3 0-0 9. b4 b6 10. b5 Nb8 11. Bb2 Bb7 12. Nbd2 Nd7 13. c4 Nf6 14. Nb1 Nh5 15. Nc3 Bh6 16. Bc1 Bg7 17. Nd5 Nxd5 18. cxd5 a6 19. bxa6 Bxa6 20. a4 Ra7 21. Qc2 Qc7 22. Nd2 f5 23. Nc4 f4 24. Bf3 Bc8 25. g4 Nf6 26. h3 Bh6 27. Bd2 Bg5 28. Rfb1 h5 29. Qd1 hxg4 30. hxg4 Ba6 31. Rxb6 Ne8 32. Rc6 Qe7 33. Kg2 Kg7 34. Qc2 Rh8 35. Rb6 Qd7 36. Rbb1 Nf6 37. Nb6 Qc7 38. a5 Rh4 39. Rh1 Nd7 40. Rxh4 Bxh4 41. Rb1 Rb7 42. Nc4 Rb8 43. Rxb8 Qxb8 44. Bc3 Bd8 45. Qa4 Bb5 46. Qb3 Bc7 47. Be2 Ba6 48. Qxb8 Nxb8 49. Na3 Kf6 50. f3 g5 51. Kf1 Ke7 52. Ke1 Kd8 53. Kd2 Kc8 54. Kc2 Kb7 55. Kb3 Ka7 56. Ka4 Kb7 57. Nc2 Nd7 58. Ne1 Nb8 59. Bd1 Nd7 60. Bb3 Nb8 61. Bc4 Bxc4 62. dxc4 Ka6 63. Nc2 Nd7 64. Na3 Bb8 65. Nb5 Nf6 66. Be1 Nd7 67. Nc3 Bc7 68. Ne2 Bd8 69. Ng1 Bc7 70. Bc3 Nb8 71. Nh3 Bd8 72. Bb2 1/2-1/2